000 00583nam a2200217Ia 4500
003 OSt
005 20220928144330.0
006 a|||||r|||| 00| 0
007 ta
008 220927b |||||||| |||| 00| 0 eng d
024 _a65121
037 _cTextual
040 _aSDCL
_cSDCL
_beng
041 _2eng
_aeng
082 _aO-,1M09,3:g, L3
100 _aBailey Albert Edward
_9507649
245 0 _aNotes on the literary aspects of Tennyson's princess.
260 _c1973
942 _hO-,1M09,3:g, L3
_cTEXL
_2CC
999 _c827102
_d827102